000 00286nam a22001337a 4500
008 260218b ||||| |||| 00| 0 eng d
020 _a995105031
041 _aShqip
080 _a2.1
100 _a20.1
101 _aRoman
245 _aMagjia e Fjalës
_cAli Aliu
942 _2lcc
_cBK
999 _c60819
_d60819